000 00273 a2200121 4500
001 146677
040 _cEscola São Tomás de Aquino
100 _aSOUZA, Flávio de
240 1 0 _aO barba-azul
_lpor
245 1 0 _aO barba-azul
697 _a*LITERATURA INFANTO
942 _cBK
999 _c146677
_d146677